BEYAZ GECELER UYSAL KIZ ANTİK OKUL KLASİKLERİ (Record no. 660429)
[ view plain ]
| 000 -LEADER | |
|---|---|
| sabit uzunluktaki kontrol alanı | 00283nam a2200097Ia 4500 |
| 001 - KONTROL NUMARASI | |
| kontrol alanı | 660429 |
| 005 - EN SON İŞLEMİN TARİH VE ZAMANI | |
| kontrol alanı | 20250826160114.0 |
| 008 - SABİT-UZUNLUKTA VERİ ÖĞELERİ--GENEL BİLGİ | |
| sabit uzunluktaki kontrol alanı | 250824s9999 xx 000 0 und d |
| 245 #0 - ESER / YAZAR | |
| ESER ADI | BEYAZ GECELER UYSAL KIZ ANTİK OKUL KLASİKLERİ |
| Yazar Adı | DOSTOYEVSKİ |
| 260 ## - YAYIN, DAĞITIM, VB. | |
| YAYIN EVİ | ANTİK DÜNYA KLASİKLERİ |
| Düşüm durumu | Kayıp durumu | Hasar Durumu | Ödünç verilmez | Ana kütüphane | Geçerli Kütüphane | Edinilen tarih | Toplam ödünç verme sayısı | Barkod | İade tarihi | Son görüntüleme tarihi | Son ödünç verme tarihi | Fiyatın geçerli olmaya başladığı tarih | Koha materyal türü |
|---|---|---|---|---|---|---|---|---|---|---|---|---|---|
| SELÇUKLU İMAM HATİP ORTAOKULU | SELÇUKLU İMAM HATİP ORTAOKULU | 24.08.2025 | 2 | 1012128 | 05.05.2026 | 20.04.2026 | 20.04.2026 | 26.08.2025 | Books |